Political Parties to Countries - Statistics

General Stats
  • This quiz has been taken 153 times
  • The average score is 11 of 13
Answer Stats
Parties to... ...country % Correct
Democratic Party, Republican Party, Libertarian Party, Green Party United States
97%
National front, Radical party, La republiqué en March! France
96%
Ciudadanos, Unidos Podemos, Coalicion Canaria Spain
94%
Die Linke, Bündnis 90, Die blaue Partei, Frei Wählers Germany
92%
Bahujan samaj party, Bharatiya party, National congress party India
92%
Labour party, Sinn féin, UKIP, Borders party United Kingdom
92%
Party of Hope, Komeito, Nippon Ishin no Kai Japan
85%
Al Ansar Party, Popular Current Party, National Bloc, Nubian Nile Party Egypt
79%
Keskusta puolue, Vasemmistoliitto, Vihreät, Kokoomus Finland
75%
Lega Nord, Movimento Cinque Stelle, Partito Democratica Italy
71%
Det radikale venstre, Det konservative folk parti, Enhedslisten Denmark
68%
Cambio Radical, Partido Social de Unidad Nacional, Fuerza Alternativa Revolucionaria del Común Colombia
63%
Economic freedom fighters, Inkatha freedom party, Freedom Front plus South Africa
46%
No matching quizzes found
Score Distribution
Percent of People with Each Score
Percentile by Number Answered
Your Score History
You have not taken this quiz